FIRE in the tropical biota : ecosystem processes and global challenges

Bibliographic Details
Other Authors: Goldammer (Johann Georg)] , 1949-
Format: Book
Published: Berlin; New York : Springer-Verlag , 1990
Series:Ecological studies; v. 84
Subjects:

MARC

LEADER 00000cam a2200000 7i4500
001 0000002365
005 20030530.0
020 0 0 |a 3540521151 
090 0 0 |a 574.52623   |b FIR 1990 
245 0 0 |a FIRE in the tropical biota :   |b ecosystem processes and global challenges   |c J.G. Goldammer, ed. 
260 0 0 |a Berlin; New York :   |b Springer-Verlag ,   |c 1990 
300 |a xvii, 497 p. :   |b ill. ;   |c 25 cm. 
440 0 0 |a Ecological studies; v. 84 
500 0 0 |a Includes bibliographical references and index 
650 0 0 |a Biotic communities   |z Tropics   |x Congresses 
650 0 0 |a Botany   |z Tropics   |x Congresses 
650 0 0 |a Fire ecology   |z Tropics   |x Congresses 
650 0 0 |a Fires   |z Tropics   |x Congresses 
650 0 0 |a Wildfires   |z Tropics   |x Congresses 
700 0 1 |a Goldammer   |h J. G. [  |q (Johann Georg)] ,   |c 1949- 
998 |a JPSM 
999 |a 0000004131   |b Monograph   |c Open Shelf   |e Default branch